01890nam a2200253uu 4500001000800000005001700008008004100025020001800066035001200084040001300096041000800109082000800117100003300125245002700158260003200185300001800217490002800235520121500263650002801478650003001506650003301536650003101569700003601600139137420260508085723.0141111s2004 spa  a9788495346797 a1391374 ccomduadb aspa 4a84310aLegrand, Alexandre4auteaut13aEl muchacho de Túnez aBarcelona :bEgales,c2004. a129 páginas0 aSalir del armario ;v803 aSiguiendo a Samir, al que conoció furtivamente en un bar del barrio parisino del Marais, Emmanuel viaja a Túnez. Sin embargo, una vez allí será el encuentro con Nouri lo que cambiará su vida. Con él, el joven francés descubre, bajo una capa de discreción y timidez, la pasión verdadera. Pero, también, lo difícil que es el amor entre dos hombres en una sociedad basada en la tradición familiar, donde la sensualidad debe permanecer oculta y las miradas sustituyen a los gestos. Lejos de desanimarlos, esta clandestinidad forzada, a años luz de la alegre vida gay de París, aviva la unión entre los amantes. Sin embargo, se acerca un plazo ineludible: el final del verano tunecino, el regreso a Francia, la separación...Lejos de ceder ante un exotismo fácil, Alexandre Legrand sitúa aquí frente a frente dos mundos, dos culturas cuyas diferencias resalta, y los malentendidos que pueden surgir, así como la riqueza y la fascinación nacidos de esta confrontación. Más allá de la historia de amor, tan cautelosa, de Emmanuel y Nouri, este relato es una invitación a descubrir al Otro, a comprenderlo y aceptarlo. Un mensaje que hoy está más vigente que nunca. 7aAutores franceses2lemb 7aLiteratura francesa2lemb 7aHomosexualidadvNovela2lemb 7aNovela romántica2armarc10aPetrement, Lourdes F.4trletrl